Les adversaires de Spider-Man au cinéma - Statistiques

Statistiques générales
  • Ce quiz a été pris 2 563 fois
    2 545 depuis la dernière actualisation
  • Le résultat moyen est 9 sur 11
Statistiques - réponses
Réponse % Correct
Le Bouffon Vert/Harry Osborn
97%
Le Bouffon Vert
96%
Docteur Octopus
92%
Venom
92%
Electro
87%
Le Lézard
86%
L'Homme Sable
84%
Mysterio
84%
Le Vautour
74%
Le Rhino
66%
Le Shocker
27%
Aucun quiz correspondant
Distribution des résultats
% des personnes avec chaque résultat
Percentile par nombre de réponses
Votre historique - résultats
Vous n’avez pas pris ce quiz depuis la dernière actualisation